Ratanlal & Dirajlal The Law of Evidence/ (Record no. 199094)

MARC details
000 -LEADER
fixed length control field 00729nam a22002057a 4500
005 - DATE AND TIME OF LATEST TRANSACTION
control field 20231115145153.0
010 ## - LCCN (DPL NO)
LC control number ENG-138387
020 ## - INTERNATIONAL STANDARD BOOK NUMBER
Terms of availability 3595.00
International Standard Book Number 9789391211745
035 ## - SYSTEM CONTROL NUMBER
System control number EN-121919
037 ## - SOURCE OF ACQUISITION
Source of stock number/acquisition DBAD
082 ## - DEWEY DECIMAL CLASSIFICATION NUMBER
Classification number 347.5406
Edition number 26
100 ## - MAIN ENTRY--PERSONAL NAME
Personal name Vijayaraghavan, N
245 ## - TITLE STATEMENT
Title Ratanlal & Dirajlal The Law of Evidence/
Statement of responsibility, etc By N Vijayaraghavan and Sharath Chandran
Medium English
250 ## - EDITION STATEMENT
Edition statement 26
260 ## - PUBLICATION, DISTRIBUTION, ETC. (IMPRINT)
Place of publication, distribution, etc Gurgaon
Name of publisher, distributor, etc Lexis Nexis
Date of publication, distribution, etc 2022
270 ## - ADDRESS
Address 14thn Floor, Building No 10, Tower-B, DLF Cyber City, Phase-II
City Haryana
Postal code 122002
Telephone number 911244774444
Electronic mail address help.in@lexisnexis.com
Fax number 911244774100
300 ## - PHYSICAL DESCRIPTION
Extent vp.
Dimensions 25cm(hbk)
700 ## - ADDED ENTRY--PERSONAL NAME
Personal name Chandran, Sharath
Relator term Author
9 (RLIN) 58715
942 ## - ADDED ENTRY ELEMENTS (KOHA)
Source of classification or shelving scheme Dewey Decimal Classification
Item type English Books
Classification part 347.5406
Call number suffix VIJ
Holdings
Withdrawn status Lost status Not for loan Collection code Home library Current library Date acquired Source of acquisition Cost, normal purchase price Full call number Barcode Copy number Cost, replacement price Koha item type
    Not For Loan Reference Bawana Bawana 15/11/2023 DBAD/PUB 3595.00 347.5406 VIJ EN-121919 1 3595.00 English Books

© Delhi Public Library
Hit Counter
free hit counter